Normal view
MARC view
Entry Uniform Title
001 - CONTROL NUMBER
- control field: 52596
003 - CONTROL NUMBER IDENTIFIER
- control field: dpl
005 - DATE AND TIME OF LATEST TRANSACTION
- control field: 20120925111031.0
008 - FIXED-LENGTH DATA ELEMENTS
- fixed length control field: 120925|||a|||||| | ||| d
040 ## - CATALOGING SOURCE
- Original cataloging agency: dpl
- Transcribing agency: dpl
130 ## - HEADING--UNIFORM TITLE
- Uniform title: "This is a part of Aligarh Historians Society series"--T.p. verso
670 ## - SOURCE DATA FOUND
- Source citation: Work cat.: (dpl)70049: Habib, Irfan, 1931- 52390, Atlas of ancient Indian history /, 2012
670 ## - SOURCE DATA FOUND
- Source citation: Work cat.: (dpl)70049: Habib, Irfan, 1931- 52390, Atlas of ancient Indian history /, 2012
